MDQL
is popping MORE tags! Check the
thread
!
Quizzes
Events
Quiz Creation
Community
Videos
Private Events
Remove Ads
Sign In
Join for FREE
Feedback
Dark Mode
Quiz Categories
Sports
Geography
Music
Movies
Television
Just For Fun
Miscellaneous
History
Literature
Language
Science
Gaming
Entertainment
Religion
Holiday
For Kids
Quiz Lab
Recent
Popular Today
Quiz Kudos Today
Editor Picks
Curator Picks
Quizzes by...
Day
Popularity
Type
Ratings
Length
Year
Community
Subscriptions
Recent Discussions
Orange Saloon
Badges
Playlists
Quests
Create
Leaderboards
Showdown
Live 5
Trivia Bingo
Activity
Puzzle Library
Sporcle Events
Private Events
Virtual Trivia
Globe League
Become a Host
Pub Owners
SporcleCon
Opinionation
Our Games
Videos
Blog
Mobile Apps
Partnerships
Remove Ads and Go Orange
Feedback
Miscellaneous
Crossword
General Knowledge
Baby Names
Logo
Food
Cars
Numbers
Grab Bag
University
College
Popular
Company
Slogans
Restaurants
Justice
Letter
Miscellaneous
Crossword
General Knowledge
Baby Names
Logo
Food
Cars
Numbers
Grab Bag
University
College
Popular
Company
Slogans
Restaurants
Justice
Letter
Random Quiz
Search Sporcle
×
Quiz Lab
Quiz Lab
Miscellaneous
Definition
Type in answers that appear in a list
Type in answers that appear in a list
Classic
Best Score? Go Orange.
Computer Science Vocabulary Stats
Can you match the Computer Science Vocabulary?
By
Maddy_Evans
10m
13 Questions
137 Plays
137 Plays
137 Plays
Comments
Comments
Give Quiz Kudos
Give Quiz Kudos
-
- Ratings
hide this ad
Replay
Link that replays current quiz
Next Quiz
Link to next quiz in quiz playlist
You Got
0%
They Got
Avg Score
39%
Avg Friend Score
Upgrade to see
Score Distribution
Jump to the score distribution portion of the page
Score
0/13
Timer
10:00
0
Plays Today
Definition
Term
% Correct
a term for processor and microprocessor, the central unit in a computer containing the logic circuitry that performs the instructions of a computer's programs.
CPU
93.4%
A type of computer memory that can be accessed randomly; that is, any byte of memory can be accessed without touching the preceding bytes.
RAM
85.4%
a class of storage medium. Computer memory on which data has been prerecorded. Once data has been written onto a ROM chip, it cannot be removed and can only be read.
ROM
73%
the part of a computer that performs all arithmetic computations, such as addition and multiplication, and all comparison operations.
ALU
46.7%
the part of the central processor of a computer that supervises the execution of a computer program.
CU
39.4%
A special high-
speed storage mechanism. It can be either a reserved section of main memory or an independent high-
speed storage device.
Cache Memory
36.5%
a computer bus (a series of lines connecting two or more devices) that is used to specify a physical address.
Address Bus
27%
Connects all the internal components of a computer to the motherboard. They are intended to connect to local device and is rather quick and independent of the other operations.
Data Bus
25.5%
Carry data in bit-
serial form. Many communication systems were originally designed to connect two integrated circuits on the same printed circuit board, connected by signal traces
Serial Bus
25.5%
A special, high-
speed storage area within the CPU that stores numbers that are assigned to each byte that the CPU uses to track where data and instructions are stored.
Memory Address Register
19.7%
a class of storage medium. Computer memory on which data has been prerecorded. Once data has been written onto a chip it cannot be removed and can only be read.
Memory Data Register
19.7%
The time period during which one instruction is fetched from memory and executed when a computer is given an instruction in machine language. There are typically four stages.
Machine Instruction Cycle
10.9%
The register of a computer's control unit that contains the data to be stored in the computer storage (primary memory), or the data after a fetch from the computer storage.
Primary Memeory
8.8%
Quiz Playlist
Details
Report
Send in Message
Add To Playlist
Classic:
Type in answers that appear in a list
Last Updated: Feb 16, 2017
Quiz Scoreboard
CHALLENGE
Sign Up to Join the Scoreboard
Show All
Scores
Hide
Comments
May contain spoilers
Recently Published
Holiday 10x10 Sorting Gallery
by lukepisani3
Holiday
15m
Two Season TV Shows II
by 123Four
Television
10m
Image Sorting: Flags VI
by Barbecue
Geography
2m
More to Explore
Quiz From the Vault
Featured Blog Post
14 Easter Pick-up Lines to Find Eggs With
hide this ad
You Might Also Like...
Tags
Computer Quiz
Definition Quiz
Vocabulary Quiz
Computer Science
Term
Today's Top Quizzes in Miscellaneous
Browse Miscellaneous
hide this ad
Today's Top Quizzes in Definition
Browse Definition
Top Contributed Quizzes in Miscellaneous
1
The JOE quick-fire general knowledge quiz: Day 174
2
9x9 Crossword: Disney Movie Titles
3
The JOE quick-fire general knowledge quiz: Day 173
4
5-to-1: Fast Food
5
9x9 Crossword: Charlie and the Chocolate Factory
6
9x9 Crossword: The Simpsons
7
9x9 Crossword: Flags
8
9x9 Crossword: Actors
9
9x9 Crossword: 2022 Movies
10
9x9 Crossword: Pixar Movie Titles
Explore More
Trending Topics
Disney
Kpop
NBA
Harry Potter
Marvel
Crossword
Anime
Soccer
The Office
Puzzle
Country
Pokémon
Song
NFL
WWE
hide this ad
More By:
Maddy_Evans
Quiz
Plays
Rating
Category
Featured
Created
Computer Science Vocabulary
137
2.00
Miscellaneous
Mar 24, 2015
Go to Creator's Profile
Score Distribution
Quiz Creator Spotlight
Maddy_Evans
Follow
Send a Message
Quizzes Created
-
Created Quiz Play Count
-
More By This Creator
Popular Quizzes Today
1
Find the US States - No Outlines Minefield
2
Colored Red Africa Blitz
3
Find the 'City' Movie
4
The Countries of the World
5
5x2 Blitz: Bands
6
Find the US States
7
Find the Countries of Europe - No Outlines Minefield
8
US States
More Miscellaneous Quizzes
6 to 1: Antarctica
Quiz Lab
Trending Quizzes
Colored Red Europe Blitz I
Colored Red Europe Blitz II
Colored Red Africa Blitz II
Colored Red Europe Blitz III
Colored Red Africa Blitz III
Recently Updated
Odd Team Out - Big 4 Players
pecheneg
Quick Pick: 20 Twenties
pecheneg
March Madness Men's Triple Doubles
pecheneg
How Do You Spell That?
pecheneg
Godzilla Movies
pecheneg
Grab Bag: 4-10 Letters
pecheneg
2024 March Madness Bracket
pecheneg
Famous TV Couples
Peacemaker
Champions League XIs: Real Madrid
pecheneg
Largest US Cities 1790-2010
pecheneg
Trending Topics
Disney
Crossword
Kpop
Harry Potter
Marvel
NBA
Anime
NFL
Puzzle
Pokémon
The Office
Country
Song
Soccer
WWE
Your Account Isn't Verified!
In order to create a playlist on Sporcle, you need to verify the email address you used during registration. Go to your
Sporcle Settings
to finish the process.
Report this User
Report this user for behavior that violates our
Community Guidelines
.
Details:
Send Report
Go to the Sporcle.com Mobile Site →
Comments